Statistics for People from Vancouver

Click here to take the quiz!

General Stats

  • This quiz has been taken 10 times
  • The average score is 5 of 12

Answer Stats

Answer% Correct
Ryan Reynolds
100%
Seth Rogen
100%
Raymond Burr
56%
Cobie Smulders
44%
Hayden Christensen
44%
Jason Priestley
44%
Ryan Stiles
44%
David Suzuki
33%
Jacob Tremblay
22%
Manny Jacinto
22%
Sarah Chalke
22%
Grimes
11%

Score Distribution

Percentile by Number Answered

Percent of People with Each Score

Your Score History

You have not taken this quiz